Etudes sur les tragiques grecs / (Record no. 161540)
[ view plain ]
| 000 -LEADER | |
|---|---|
| campo de control de longitud fija | 00918nam a22002415i 4500 |
| 001 - NÚMERO DE CONTROL | |
| campo de control | 161540 |
| 003 - IDENTIFICADOR DE NÚMERO DE CONTROL | |
| campo de control | ES-MaACL |
| 005 - FECHA Y HORA DE LA ÚLTIMA TRANSACCIÓN | |
| campo de control | 20250824031809.0 |
| 008 - DATOS DE LONGITUD FIJA--INFORMACIÓN GENERAL | |
| campo de control de longitud fija | 041020s1858 fr |||| | fre d |
| 040 ## - FUENTE DE CATALOGACIÓN | |
| Centro catalogador/agencia de origen | CAM |
| Lengua de catalogación | spa |
| Centro/agencia transcriptor | CAM |
| 100 1# - ENTRADA PRINCIPAL--NOMBRE DE PERSONA | |
| Nombre de persona | Patin, Henri Joseph Guillaume. |
| 9 (RLIN) | 130895 |
| 245 10 - MENCIÓN DEL TÍTULO | |
| Título | Etudes sur les tragiques grecs / |
| Mención de responsabilidad, etc. | par M. Patin. |
| 250 ## - MENCION DE EDICION | |
| Mención de edición | 2e éd. rev. et augm. |
| 260 ## - PUBLICACIÓN, DISTRIBUCIÓN, ETC. | |
| Lugar de publicación, distribución, etc. | Paris : |
| Nombre del editor, distribuidor, etc. | Librairie de L. Hachette et c\pie\s, |
| Fecha de publicación, distribución, etc. | 1858 ( |
| Fabricante | Typographie de Ch. Lahure) |
| 300 ## - DESCRIPCIÓN FÍSICA | |
| Extensión | 4 v. ; |
| Dimensiones | 18 cm. |
| 505 8# - NOTA DE CONTENIDO CON FORMATO | |
| Nota de contenido con formato | Contiene: T.I-II, Euripide (427; 423 p.) - T.III, Eschyle (386 p.) - T.IV, Sophocle (389 p.) |
| 600 04 - PUNTO DE ACCESO ADICIONAL DE MATERIA--NOMBRE DE PERSONA | |
| Nombre de persona | Esquilo. |
| 9 (RLIN) | 47970 |
| 600 04 - PUNTO DE ACCESO ADICIONAL DE MATERIA--NOMBRE DE PERSONA | |
| Nombre de persona | Sófocles. |
| 9 (RLIN) | 107023 |
| 600 04 - PUNTO DE ACCESO ADICIONAL DE MATERIA--NOMBRE DE PERSONA | |
| Nombre de persona | Eurípides. |
| 9 (RLIN) | 48332 |
| 650 #7 - PUNTO DE ACCESO ADICIONAL DE MATERIA--TÉRMINO DE MATERIA | |
| Término de materia o nombre geográfico como elemento de entrada | Teatro griego |
| Fuente del encabezamiento o término | embne |
| 9 (RLIN) | 136910 |
| 852 ## - LOCALIZACIÓN | |
| Ubicación | ES-MaACL |
| Número de control de estantería | D-832-835 |
| Nota libre | -- Enc. hol. |
| condición física | -- Falto de la port. y antep. del t.III, sustituida por una port. de un t.II |
| Estatus retirado | Estado de pérdida | Estado de daño | No para préstamo | Colección | Biblioteca de origen | Biblioteca actual | Ubicación en estantería | Fecha de adquisición | Fuente de adquisición | Total de préstamos | Signatura topográfica completa | Código de barras | Visto por última vez | Precio de reemplazo | Tipo de ítem Koha |
|---|---|---|---|---|---|---|---|---|---|---|---|---|---|---|---|
| Libros del s. XIX | Biblioteca del Ateneo de Madrid | Biblioteca del Ateneo de Madrid | Sala Valle Inclán | 17/01/2008 | D-832-835 | 901169210 | 23/02/2023 | 23/02/2023 | Libro impreso antiguo |
